| Tag |
First Indicator |
Second Indicator |
Subfields |
| LEADER |
00000nam a2200000Ii 4500 |
| 001 |
in00004053513 |
| 005 |
20190307103751.0 |
| 006 |
m o d f |
| 007 |
cr mn||||||||| |
| 008 |
181231e201707 mdua obt f000 0 eng d |
| 035 |
|
|
|a (OCoLC)on1080520808
|
| 040 |
|
|
|a GPO
|b eng
|e rda
|e pn
|c GPO
|d MvI
|
| 049 |
|
|
|a WWW
|
| 074 |
|
|
|a 0324-A-01 (online)
|
| 086 |
0 |
|
|a D 101.133:8055
|
| 100 |
1 |
|
|a Vunni, George B.,
|e author.
|
| 245 |
1 |
0 |
|a Magneto-hydordynamic simulations of a magnetic flux compression generator using ALE3D /
|c by George B Vunni.
|
| 264 |
|
1 |
|a Aberdeen Proving Ground, MD :
|b US Army Research Laboratory,
|c July 2017.
|
| 300 |
|
|
|a 1 online resource (vi, 20 pages) :
|b color illustrations.
|
| 336 |
|
|
|a text
|b txt
|2 rdacontent
|
| 337 |
|
|
|a computer
|b c
|2 rdamedia
|
| 338 |
|
|
|a online resource
|b cr
|2 rdacarrier
|
| 490 |
1 |
|
|a ARL-TR ;
|v 8055
|
| 500 |
|
|
|a "July 2017."
|
| 504 |
|
|
|a Includes bibliographical references (page 17).
|
| 513 |
|
|
|a Technical report;
|b October 2016-May 2017.
|
| 588 |
|
|
|a Description based on online resource; title from PDF title page (U.S. Army Research Laboratory website, viewed Dec. 31, 2018).
|
| 650 |
|
0 |
|a Magnetic flux compression
|x Computer simulation.
|
| 650 |
|
0 |
|a Magnetohydrodynamics
|x Computer simulation.
|
| 655 |
|
7 |
|a Technical reports.
|2 lcgft
|
| 710 |
2 |
|
|a U.S. Army Research Laboratory,
|e issuing body.
|
| 830 |
|
0 |
|a ARL-TR (Aberdeen Proving Ground, Md.) ;
|v 8055.
|
| 856 |
4 |
0 |
|u https://purl.fdlp.gov/GPO/gpo114044
|t 0
|
| 999 |
f |
f |
|s 13ada879-de5f-354c-8a12-610843671c4f
|i f20ef815-6ed4-3404-9d9b-af9e0d34a0ea
|t 0
|
| 952 |
f |
f |
|a Texas A&M University
|b College Station
|c Electronic Resources
|d Available Online
|t 0
|e D 101.133:8055
|h Superintendent of Documents classification
|
| 998 |
f |
f |
|a D 101.133:8055
|t 0
|l Available Online
|